000 00400nam a22001577a 4500
003 MPLRDC
005 20220104123600.0
008 210129b ||||| |||| 00| 0 eng d
082 _a520.13 HLCZ
100 _a黑柳彻子
245 _a窗口边的豆豆
_c冯蕴蕙译
260 _a
_b龙和出版有限公司
_c1990
300 _b
650 _a日本教育学说
942 _cBK
_o520.13 HLCZ
999 _c12558
_d12548